Efektívne nakladanie s odpadovými vodami v obci Buzica

Guardado en:
Detalles Bibliográficos
Autor principal: Jarabinský, Lukáš (Autor)
Otros Autores: Marko, Ivana (Orientador)
Formato: Manuscrito Libro
Lenguaje:eslovaco
Publicado: 2022
Materias:
Acceso en línea:http://is.stuba.sk/zp/portal_zp.pl?podrobnosti=164032
https://opac.crzp.sk/?fn=detailBiblioForm&sid=A68E927B0776E61A8B5D94111187
Etiquetas: Agregar Etiqueta
Sin Etiquetas, Sea el primero en etiquetar este registro!

MARC

LEADER 00000ntm a22000003a 4500
001 stuzp88725
003 SK-STU
005 20230503142710.0
007 ta
008 150427s2015----xo-----f-mn---000-0-slo-d
040 |a STU  |b slo 
041 0 |a slo 
100 1 |a Jarabinský, Lukáš  |u 010280  |4 aut  |U SvF Stavebná fakulta  |T SvF Katedra zdravotného inžinierstva  |X 93015  |U V280  |Y 29  |7 93015 
242 0 1 |a Efficient wastewater management in the municipality of Buzica  |y eng 
245 1 0 |a Efektívne nakladanie s odpadovými vodami v obci Buzica 
260 |c 2022 
650 4 |a čistiareň odpadových vôd  |2 slo 
650 4 |a aeróbna stabilizácia kalu  |2 slo 
650 4 |a stoková sieť  |2 slo 
650 4 |a sewerage system  |2 eng 
650 4 |a arobic stabilization of sludge  |2 eng 
650 4 |a wastewater treatmen plant  |2 eng 
700 1 |a Marko, Ivana  |4 ths  |X 56732  |7 56732 
856 4 |u http://is.stuba.sk/zp/portal_zp.pl?podrobnosti=164032 
856 4 |u https://opac.crzp.sk/?fn=detailBiblioForm&sid=A68E927B0776E61A8B5D94111187